Indian economics (Record no. 223326)
[ view plain ]
| 000 -LEADER | |
|---|---|
| fixed length control field | 00769nam a22002297a 4500 |
| 005 - DATE AND TIME OF LATEST TRANSACTION | |
| control field | 20250718110839.0 |
| 008 - FIXED-LENGTH DATA ELEMENTS--GENERAL INFORMATION | |
| fixed length control field | 220610b ||||| |||| 00| 0 eng d |
| 020 ## - INTERNATIONAL STANDARD BOOK NUMBER | |
| International Standard Book Number | 9789385682940 |
| 040 ## - CATALOGING SOURCE | |
| Transcribing agency | Aloy |
| 041 ## - LANGUAGE CODE | |
| Language code of text/sound track or separate title | eng |
| 082 ## - DEWEY DECIMAL CLASSIFICATION NUMBER | |
| Edition number | 23 |
| Classification number | 338.954 |
| Item number | LOBI |
| 100 ## - MAIN ENTRY--PERSONAL NAME | |
| Personal name | Norbert Lobo |
| 100 ## - MAIN ENTRY--PERSONAL NAME | |
| 9 (RLIN) | 219358 |
| 245 ## - TITLE STATEMENT | |
| Title | Indian economics |
| 260 ## - PUBLICATION, DISTRIBUTION, ETC. | |
| Place of publication, distribution, etc. | Mangalore |
| Name of publisher, distributor, etc. | United Agencies |
| Date of publication, distribution, etc. | 2022 |
| 300 ## - PHYSICAL DESCRIPTION | |
| Extent | iv,340p. |
| Other physical details | PB |
| Dimensions | 21x13cm. |
| 365 ## - TRADE PRICE | |
| Source of price type code | Economics |
| Price type code | 1447 |
| Price amount | 224.00 |
| Currency code | ₹ |
| Unit of pricing | 280.00 |
| Price note | 20% |
| Price effective from | 03-06-2022 |
| 520 ## - SUMMARY, ETC. | |
| Summary, etc. | Contents:<br/>Sectoral changes in Indian Economy<br/>Demographic Profile, Poverty and Unemployment<br/>Agriculture in India<br/>Industry in India<br/>Tertiary Sector in India<br/> |
| 650 ## - SUBJECT ADDED ENTRY--TOPICAL TERM | |
| Topical term or geographic name entry element | Economics |
| 9 (RLIN) | 41646 |
| 650 ## - SUBJECT ADDED ENTRY--TOPICAL TERM | |
| Topical term or geographic name entry element | BA VI Sem |
| 9 (RLIN) | 41647 |
| 650 ## - SUBJECT ADDED ENTRY--TOPICAL TERM | |
| Topical term or geographic name entry element | CBCS |
| 9 (RLIN) | 41648 |
| 942 ## - ADDED ENTRY ELEMENTS (KOHA) | |
| Source of classification or shelving scheme | Dewey Decimal Classification |
| Koha item type | Book |
| Withdrawn status | Lost status | Source of classification or shelving scheme | Damaged status | Not for loan | Collection code | Home library | Current library | Date acquired | Source of acquisition | Cost, normal purchase price | Total Checkouts | Full call number | Barcode | Date last seen | Date last checked out | Cost, replacement price | Price effective from | Koha item type | Shelving location | Total Renewals |
|---|---|---|---|---|---|---|---|---|---|---|---|---|---|---|---|---|---|---|---|---|
| Dewey Decimal Classification | Economics | St Aloysius Library | St Aloysius Library | 06/09/2022 | Biblios Book Point Surathkal Mangalore 575014 | 225.00 | 5 | 338.954 LOBI | 075900 | 01/14/2026 | 01/13/2026 | 280.00 | 06/10/2022 | Book | ||||||
| Dewey Decimal Classification | Reference Book | Economics | St Aloysius Library | St Aloysius Library | 06/09/2022 | Biblios Book Point Surathkal Mangalore 575014 | 224.00 | 4 | 338.954 LOBI | 075901 | 09/25/2023 | 09/15/2023 | 280.00 | 06/10/2022 | Reference | Reference Section | ||||
| Dewey Decimal Classification | Economics | St Aloysius Library | St Aloysius Library | 06/09/2022 | Biblios Book Point Surathkal Mangalore 575014 | 224.00 | 6 | 338.954 LOBI | 075902 | 12/11/2025 | 12/11/2025 | 280.00 | 06/10/2022 | Book | 1 |